| 000 | 00487nam a2200193Ia 4500 | ||
|---|---|---|---|
| 003 | OSt | ||
| 005 | 20230511150925.0 | ||
| 008 | 210423s1990 xx 000 0 und d | ||
| 040 | _cAL | ||
| 041 | _aeng | ||
| 082 |
_a338.9 _223 _bWORM |
||
| 245 | _aAll india reporter | ||
| 260 |
_aKottaym _bOxford University Press _c1990 |
||
| 365 |
_b82 _cINR |
||
| 650 |
_aEconomics _9103603 |
||
| 650 |
_aEconomics of Development _9103604 |
||
| 906 | _aAll ; india ; reporter | ||
| 942 |
_2ddc _cBK |
||
| 999 |
_c172041 _d172041 |
||